| 000 | 00536nam a2200205 i 4500 | ||
|---|---|---|---|
| 001 | 57166 | ||
| 003 | ES-MaACL | ||
| 005 | 20230906163527.0 | ||
| 007 | t| | ||
| 008 | 031015s1966 mx ||||1| spa d | ||
| 100 | 1 |
_aDonoso, José. _945336 |
|
| 245 | 1 | 0 |
_aEste domingo / _cJosé Donoso. |
| 250 | _a[1ª ed.]. | ||
| 260 |
_aMéxico : _bJoaquín Mortiz, _c[1966] |
||
| 300 |
_a210 p. ; _c19 cm. |
||
| 490 | 1 | _aSerie del volador | |
| 830 | 0 |
_aSerie del volador _9181075 |
|
| 852 |
_aES-MaACL _jA-5708 _bR.93854 |
||
| 999 |
_c57166 _d57166 |
||